000 01936cam a2200505 a 4500
001 21748
003 VRT
005 20260309113740.0
008 200115s2016 xo a b 000 j slo
015 _aSNBA2017/03
020 _a9788081425806
_q(viazané)
035 _aurn:nbn:sk:snk-am00cwxr
035 _aurn:nbn:sk:snk-am3hmrs
035 _a2490AAE4-E042-4D44-B4E8-F1F930C06B2B
039 9 _a202301312219
_bAUTHORITY
_c202005211545
_dAUTHORITY
_c202001151556
_dVLOAD
_c201705111029
_dmsavuk02
040 _aZKSE
_bslo
_cZKSE
_dSNK
_eAACR2
041 0 _aslo
044 _axo
_cSK
072 7 _a821-93
_xLiteratúra pre deti a mládež (beletria)
_2konspekt
072 7 _a821.162.4-3
_xSlovenská próza
_2konspekt
080 _a821.162.4-34
_22011
080 _a82-93-053.2
_22011
080 _a(0.05)
_22011
100 1 _aSkalová, Alžbeta
_4aut
_4ant
245 1 0 _aSpievankovo
_bSpievanka, Zahrajko a zatúlaná píšťalka
_cnapísala Alžbeta Skalová ; ilustrovala Kristína Hroznová ; [námet Alžbeta Skalová, Máša Orogváni]
246 3 0 _aSpievanka, Zahrajko a zatúlaná píšťalka
250 _a1. vyd.
260 _aBratislava
_bFortuna Libri
_c2016
300 _a83 s.
_bfareb. ilustr.
_c27 cm
655 7 _aslovenské rozprávky
_2SNKPH
655 7 _apublikácie pre deti
_2SNKPH
655 7 _aSlovak fairy tales
_2SNKPHeng
655 7 _aChildren's literature
_2SNKPHeng
700 1 _aHroznová, Kristína,
_d1981-
_4ill
700 1 _aOrogváni, Viera Máša
_4ant
910 _asnk
910 _asavuk
942 _2ddc
_cKLDE
_n0
949 _6270001000533902
_asvkbbC 61826
_bsvkbbm 766242
949 _62889324611
_asavukPV 23823
_bsavuk2017/1464
949 _617A1253116
_asnkSB 91220
_bsnk2017/3916
_o213/17
_s6100:20170310
949 _617A1253117
_asnkSB 91220 D1
_bsnk2017/3917
_o213/17
949 _6273K0628903
_asvkpoC 58747
_bsvkpo623631
999 _c21748
_d21748